Styrene-butadiene rubber (SBR)-Emulsion- and solution-polymerized types- Evaluation procedures. (Record no. 73555)

MARC details
000 -LEADER
fixed length control field 00438nam a2200133Ia 4500
245 #0 - TITLE STATEMENT
Title Styrene-butadiene rubber (SBR)-Emulsion- and solution-polymerized types- Evaluation procedures.
260 ## - PUBLICATION, DISTRIBUTION, ETC. (IMPRINT)
Year of publication 2000
500 ## - GENERAL NOTE
General note Standard number: IS 14788 ISO 2322; 1996
650 ## - SUBJECT ADDED ENTRY--TOPICAL TERM
Topical Term Emulsion polymerization
650 ## - SUBJECT ADDED ENTRY--TOPICAL TERM
Topical Term Solution polymerization
650 ## - SUBJECT ADDED ENTRY--TOPICAL TERM
Topical Term Styrene butadiene rubber
942 ## - ADDED ENTRY ELEMENTS (KOHA)
Koha item type Standards
Holdings
Withdrawn status Lost status Damaged status Not for loan Collection code Home library Current library Date acquired Koha item type
      Standards Indian standards RRII Library RRII Library 31/12/2021 Standards